Tax & development : (Record no. 996)

MARC details
000 -LEADER
fixed length control field 01374cam a2200373 i 4500
001 - CONTROL NUMBER
control field 18049146
003 - CONTROL NUMBER IDENTIFIER
control field OSt
005 - DATE AND TIME OF LATEST TRANSACTION
control field 20230612094823.0
008 - FIXED-LENGTH DATA ELEMENTS--GENERAL INFORMATION
fixed length control field 140227s2013 ke a b 001 0 eng d
010 ## - LIBRARY OF CONGRESS CONTROL NUMBER
LC control number 2013441546
020 ## - INTERNATIONAL STANDARD BOOK NUMBER
International Standard Book Number 9966031006
020 ## - INTERNATIONAL STANDARD BOOK NUMBER
International Standard Book Number 9789966031006
035 ## - SYSTEM CONTROL NUMBER
System control number (OCoLC)ocn865190409
040 ## - CATALOGING SOURCE
Original cataloging agency CU-L
Language of cataloging eng
Transcribing agency CU-L
Description conventions rda
Modifying agency CU-L
-- DLC
042 ## - AUTHENTICATION CODE
Authentication code lccopycat
-- lcode
043 ## - GEOGRAPHIC AREA CODE
Geographic area code f-ke---
050 00 - LIBRARY OF CONGRESS CALL NUMBER
Classification number KSK970.7.C66
Item number W37 2013
100 1# - MAIN ENTRY--PERSONAL NAME
Personal name Waris, Attiya,
Relator term author.
245 10 - TITLE STATEMENT
Title Tax & development :
Remainder of title solving Kenya's fiscal crisis through human rights : a case study of Kenya's Constituency Development Fund /
Statement of responsibility, etc. Attiya Waris.
246 10 - VARYING FORM OF TITLE
Title proper/short title Tax and development
264 #1 - PRODUCTION, PUBLICATION, DISTRIBUTION, MANUFACTURE, AND COPYRIGHT NOTICE
Place of production, publication, distribution, manufacture Nairobi :
Name of producer, publisher, distributor, manufacturer LawAfrica,
Date of production, publication, distribution, manufacture, or copyright notice [2013]
300 ## - PHYSICAL DESCRIPTION
Extent xxii, 313 pages :
Other physical details illustrations ;
Dimensions 22 cm
336 ## - CONTENT TYPE
Content type term text
Content type code txt
Source rdacontent
337 ## - MEDIA TYPE
Media type term unmediated
Media type code n
Source rdamedia
338 ## - CARRIER TYPE
Carrier type term volume
Carrier type code nc
Source rdacarrier
504 ## - BIBLIOGRAPHY, ETC. NOTE
Bibliography, etc Includes bibliographical references (pages [265]-298) and index.
610 20 - SUBJECT ADDED ENTRY--CORPORATE NAME
Corporate name or jurisdiction name as entry element Constituencies Development Fund (Kenya)
650 #0 - SUBJECT ADDED ENTRY--TOPICAL TERM
Topical term or geographic name as entry element Economic development projects
General subdivision Law and legislation
Geographic subdivision Kenya.
650 #0 - SUBJECT ADDED ENTRY--TOPICAL TERM
Topical term or geographic name as entry element Finance, Public
General subdivision Law and legislation
Geographic subdivision Kenya.
650 #0 - SUBJECT ADDED ENTRY--TOPICAL TERM
Topical term or geographic name as entry element Human rights
General subdivision Economic aspects
Geographic subdivision Kenya.
906 ## - LOCAL DATA ELEMENT F, LDF (RLIN)
a 7
b cbc
c copycat
d 2
e ncip
f 20
g y-gencatlg
942 ## - ADDED ENTRY ELEMENTS (KOHA)
Source of classification or shelving scheme Dewey Decimal Classification
Koha item type Books
Holdings
Withdrawn status Lost status Source of classification or shelving scheme Damaged status Not for loan Home library Current library Date acquired Total Checkouts Full call number Barcode Date last seen Price effective from Koha item type
    Dewey Decimal Classification     Bunge Tower Library Bunge Tower Library 06/12/2023   336.200 WAR 20220029 06/12/2023 06/12/2023 Books
    Dewey Decimal Classification     Bunge Tower Library Bunge Tower Library 06/12/2023   336.200 WAR 20220028 06/12/2023 06/12/2023 Books
    Dewey Decimal Classification     Bunge Tower Library Bunge Tower Library 06/12/2023   336.200 WAR 20220027 06/12/2023 06/12/2023 Books
    Dewey Decimal Classification     Bunge Tower Library Bunge Tower Library 06/12/2023   336.200 WAR 20220026 06/12/2023 06/12/2023 Books
    Dewey Decimal Classification     Bunge Tower Library Bunge Tower Library 06/12/2023   336.200 WAR 20220030 06/12/2023 06/12/2023 Books
LIBRARY OPENING HOURS

When the Parliament is sitting: 8.00a.m - 7.00p.m or until the house adjourns
Mondays and Fridays and when the House is on Recess:  8.00a.m - 5.00p.m
Closed on Weekends and Public Holidays

Online Public Access Catalog (OPAC)
Website: http://www.parliament.go.ke
Bunge Library: https://libraryir.parliament.go.ke
Contact: library@parliament.go.ke | Tel no: (254-2)2221291 or 2848000 Ext 5043